Депортація поляків з України : невідомі документи про насильницьке переселення більшовицькою владою польського населення з УРСР в Польщу в 1944–1946 роках (Запис № 443302)

МАРК-запис
000 -Лідер
fixed length control field 01857 a2200253 4500
003 - Ідентифікатор контрольного номера
control field UA-OsUOA
005 - Дата та час останнього входження (трансакції)
control field 20200115114357.0
008 - Елементи даних фіксованої довжини – загальна інформація
fixed length control field 191211b un ||||| |||| 00| 0 ukr d
020 ## - Міжнародний стандартний книжковий номер (ISBN)
Міжнародний стандартний книжковий номер (ISBN) (НП) 9667060152
040 ## - Джерело каталогізації
Агенція оригінальної каталогізації UA-OsUOA
Мова каталогізації ukr
Агенція, яка здійснювала перезапис UA-OsUOA
Агенція, яка здійснювала модифікацію UA-OsUOA
041 ## - Код мови
Код мови тексту/ звукової доріжки чи окремого заголовка (П) ukr
080 ## - Індекс Універсальної десяткової класифікації
Індекс Універсальної десяткової класифікації (УДК) (НП) 94(477).09
090 ## - Локальний шифр розміщення
Класифікаційний індекс УДК 94(477).09
Авторський знак (НП) С32
100 ## - Основне введення – ім’я особи
Ім’я особи (НП) Сергійчук В.
245 ## - Відомості про назву
Назва (НП) Депортація поляків з України : невідомі документи про насильницьке переселення більшовицькою владою польського населення з УРСР в Польщу в 1944–1946 роках
Дані про відповідальність (НП) В. Сергійчук
260 ## - Публікація, розповсюдження і т.п. (Вихідні дані)
Дата публікації, розповсюдження і т.п. (П) 1999
Місце публікації, розповсюдження і т.п. (П) Київ
300 ## - Фізичний опис
Обсяг 192 с.
520 ## - Резюме і т.п.
Резюме, реферат, анотація, тощо (НП) Дослідження українського історика присвячене трагічній сторінці в історії польського етносу в Україні. Представників цього сусіднього нам народу, котрі вже багато століть проживали в середовищі автохтонних українців, комуністичні режими СРСР та повоєнної Польщі примусово виселили із західноукраїнських земель. <br/>Праця нагадує про злочини комуністичної влади, закликає пам'ятати трагедію депортованих поляків України.
650 ## - Додаткове предметне введення – тематичний термін
Тематичний термін чи географічна назва, як елемент введення (НП) 94(477).09 Україна в роки другої світової війни (1939-1945)
700 1# - Додаткове введення – ім'я особи
Ім’я особи (НП) Сергійчук В.
942 ## - Додаткові елементи входу (Коха)
Тип елемента Koha Книги
Source of classification or shelving scheme Universal Decimal Classification
955 ## - Код типу видання за змістом
Код типу видання за змістом (НП) Наукові видання
Фонди
Стан вилучень Стан втрат Джерело класифікації або схеми стелажів Стан уражень Не для кредиту Постійне місце розташування Поточне розміщення Дата придбання Джерело придбання Вартість, звичайна ціна покупки Інвентарний номер Усього замовленно Повний номер виклику Штрих-код Дата останнього перегляду Ціна ефективна від Тип елемента Koha Примітка, призначена для загального доступу
    Universal Decimal Classification     Наукова бібліотека ІДУД Наукова бібліотека ІДУД 11/12/2019 Акт надходження № 349/2019 (Грушецька Г.) 1.00 2139649   94(477).09 С32 2139649 11/12/2019 11/12/2019 Книги Дарувальник Грушецька Г.